| 000 | 00570nam a2200181Ia 4500 | ||
|---|---|---|---|
| 003 | GCL | ||
| 008 | 140319s9999 xx 000 0 ara d | ||
| 040 |
_aGCL / _cGCL |
||
| 082 | 0 | 4 |
_a953 _bر ت |
| 100 | 1 | _aرافت الشيخ | |
| 245 | 1 | 0 |
_aتاريخ العرب المعاصر / _cرافت الشيخ |
| 300 | _a260 ص | ||
| 490 |
_aالهيئة العامة للاستعلامات _v0 |
||
| 650 | 0 | 4 | _aالوطن العربى |
| 650 | 0 | 4 | _aالاستعمار فى البلاد العربية |
| 650 | 0 | 4 | _aالعالم العربى - تاريخ |
| 942 |
_2ddc _cBK |
||
| 999 |
_c47952 _d47952 |
||